| 000 | 00442nam a22001937a 4500 | ||
|---|---|---|---|
| 003 | MPLRDC | ||
| 005 | 20220104143759.0 | ||
| 008 | 210129b ||||| |||| 00| 0 eng d | ||
| 020 | _a962-451-141-1 | ||
| 082 | _a857.623 YL-2 c.2 | ||
| 100 | _a杨琳 | ||
| 245 |
_a移魂摄魄 _c |
||
| 250 | _a初版 | ||
| 260 |
_a _b皇冠 _c1993 |
||
| 300 | _b平 | ||
| 490 | _a灵异空间 | ||
| 650 | _a灵异小说 | ||
| 942 |
_cBK _o857.623 YL-2 c.2 |
||
| 999 |
_c43272 _d43262 |
||